| 000 | 00543nam a2200193 4500 | ||
|---|---|---|---|
| 003 | OSt | ||
| 005 | 20240724003536.0 | ||
| 006 | a | ||
| 008 | 240724b |||||||| |||| 00| 0 eng d | ||
| 020 | _a9789712722080 | ||
| 040 |
_aDWCL-Main lib. _cOC |
||
| 082 | _aFil. 658.8 R639b 2009 | ||
| 100 | _aRoberto, Ned | ||
| 245 | _aThe best of marketing Rx: for brand & marketing executives / | ||
| 260 |
_aPasig City: _bAnvil Pub., Inc., _cc2009. |
||
| 300 |
_aviii, _b284 p. ; _c23 cm. |
||
| 650 | _a1. Marketing. | ||
| 942 |
_2ddc _n0 _cBK - FIL _kFil. |
||
| 999 |
_c2624 _d2624 |
||